[Event "Police Gniota Memorial 32nd"]
[Site "Police"]
[Date "2017.07.12"]
[Round "8"]
[White "Niedbal, Piotr"]
[Black "Buczak, Krysztof"]
[Result "1/2-1/2"]
[WhiteElo "1825"]
[BlackElo "2139"]
[PlyCount "43"]
[EventDate "2017.07.05"]
[EventType "swiss"]
[EventRounds "9"]
[EventCountry "POL"]
[SourceTitle "EXT 2018"]
[Source "ChessBase"]
[SourceDate "2017.10.13"]
[SourceVersion "1"]
[SourceVersionDate "2017.10.13"]
[SourceQuality "1"]

1. e4 c5 2. Nf3 Nc6 3. d4 cxd4 4. Nxd4 g6 5. c4 Bg7 6. Be3 Nf6 7. Nc3 0-0 8. Be2 Nxd4 9. Bxd4 d6 10. 0-0 Bd7 11. f3 Bc6 12. Qd2 Nd7 13. Be3 a5 14. b3 Nc5 15. Rab1 b6 16. a3 Nd7 17. Kh1 Qb8 18. Bg5 Bf6 19. Bh6 Bg7 20. Bg5 Bf6 21. Bh6 Bg7 22. Bg5 1/2-1/2

[Event "Police Gniota Memorial 32nd"]
[Site "Police"]
[Date "2017.07.08"]
[Round "4"]
[White "Schmidt, Wlodzimierz"]
[Black "Buczak, Krysztof"]
[Result "1/2-1/2"]
[WhiteElo "2273"]
[BlackElo "2139"]
[PlyCount "32"]
[EventDate "2017.07.05"]
[EventType "swiss"]
[EventRounds "9"]
[EventCountry "POL"]
[SourceTitle "EXT 2018"]
[Source "ChessBase"]
[SourceDate "2017.10.13"]
[SourceVersion "1"]
[SourceVersionDate "2017.10.13"]
[SourceQuality "1"]

1. d4 Nf6 2. c4 e6 3. Nc3 Bb4 4. Qc2 d5 5. cxd5 exd5 6. Bg5 0-0 7. e3 h6 8. Bh4 Re8 9. Nf3 Nbd7 10. Bd3 c5 11. dxc5 Nxc5 12. 0-0 Bxc3 13. Qxc3 Nfe4 14. Bxe4 Nxe4 15. Qb3 g5 16. Bg3 g4 1/2-1/2

[Event "Police Gniota Memorial 32nd"]
[Site "Police"]
[Date "2017.07.06"]
[Round "2"]
[White "Dzhuguryan, Tygran"]
[Black "Buczak, Krysztof"]
[Result "1/2-1/2"]
[WhiteElo "2204"]
[BlackElo "2139"]
[PlyCount "68"]
[EventDate "2017.07.05"]
[EventType "swiss"]
[EventRounds "9"]
[EventCountry "POL"]
[SourceTitle "EXT 2018"]
[Source "ChessBase"]
[SourceDate "2017.10.13"]
[SourceVersion "1"]
[SourceVersionDate "2017.10.13"]
[SourceQuality "1"]

1. d4 Nf6 2. Nf3 e6 3. a3 b6 4. c4 Bb7 5. Nc3 d5 6. cxd5 exd5 7. e3 Bd6 8. b4 c6 9. Bb2 Nbd7 10. Bd3 0-0 11. 0-0 a5 12. bxa5 Rxa5 13. a4 Ba6 14. Bxa6 Rxa6 15. Qb3 Qe7 16. Rfc1 Raa8 17. Rc2 Qe6 18. e4 dxe4 19. Qxe6 fxe6 20. Ng5 Rfc8 21. Ngxe4 Nxe4 22. Nxe4 Be7 23. Kf1 h6 24. f3 Nf6 25. Rac1 c5 26. dxc5 bxc5 27. Bxf6 gxf6 28. Ra1 c4 29. Nd2 c3 30. Ne4 f5 31. Nxc3 Bb4 32. Rac1 Bxc3 33. Rxc3 Rxc3 34. Rxc3 Rxa4 1/2-1/2

[Event "Police Gniota Memorial 25th"]
[Site "Police"]
[Date "2010.07.10"]
[Round "5"]
[White "Metelski, Jerzy"]
[Black "Buczak, Krysztof"]
[Result "0-1"]
[WhiteElo "1824"]
[BlackElo "2153"]
[PlyCount "78"]
[EventDate "2010.07.07"]
[EventType "swiss"]
[EventRounds "9"]
[EventCountry "POL"]
[SourceTitle "EXT 2011"]
[Source "ChessBase"]
[SourceDate "2010.11.26"]
[SourceVersion "1"]
[SourceVersionDate "2010.11.26"]
[SourceQuality "1"]

1. c4 e5 2. Nc3 Nf6 3. Nf3 Nc6 4. d4 exd4 5. Nxd4 Bc5 6. Nb3 Bb4 7. Bd2 0-0 8. Nd5 Bxd2+ 9. Qxd2 d6 10. e3 a5 11. a3 a4 12. Nd4 Ne4 13. Qc2 Nxd4 14. exd4 c6 15. Ne3 Qa5+ 16. Kd1 Re8 17. Bd3 Nf6 18. h3 Qg5 19. Kd2 Qf4 20. Rhf1 Qxd4 21. Rae1 d5 22. Kc1 Be6 23. Kb1 dxc4 24. Bxc4 Bxc4 25. Nxc4 b5 26. Rxe8+ Rxe8 27. Na5 c5 28. f3 Qe5 29. Rd1 Qc7 30. Qd2 h6 31. b4 axb3 32. Nxb3 Ra8 33. Kb2 c4 34. Nd4 Nd5 35. Nxb5 c3+ 36. Nxc3 Rb8+ 37. Kc2 Rc8 38. Qxd5 Qxc3+ 39. Kb1 Rb8+ 0-1

[Event "Police Gniota Memorial 25th"]
[Site "Police"]
[Date "2010.07.09"]
[Round "3"]
[White "Buczak, Krysztof"]
[Black "Olenderek, Tomasz"]
[Result "0-1"]
[WhiteElo "2153"]
[BlackElo "2146"]
[PlyCount "44"]
[EventDate "2010.07.07"]
[EventType "swiss"]
[EventRounds "9"]
[EventCountry "POL"]
[SourceTitle "EXT 2011"]
[Source "ChessBase"]
[SourceDate "2010.11.26"]
[SourceVersion "1"]
[SourceVersionDate "2010.11.26"]
[SourceQuality "1"]

1. Nf3 d5 2. e3 g6 3. c4 c6 4. Nc3 Nf6 5. d4 Bg7 6. b4 0-0 7. cxd5 cxd5 8. Qb3 Nc6 9. Bd3 Bg4 10. Be2 Bxf3 11. gxf3 e5 12. Nb5 exd4 13. Nxd4 Nxd4 14. exd4 Qd6 15. Be3 Nh5 16. 0-0-0 Nf4 17. Bf1 Rfc8+ 18. Kb1 a5 19. b5 a4 20. Bxf4 axb3 21. Bxd6 bxa2+ 22. Kb2 a1Q+ 0-1

[Event "Police Gniota Memorial 23rd"]
[Site "Police"]
[Date "2008.07.15"]
[Round "8"]
[White "Buczak, Krysztof"]
[Black "Jedruszek, Krzysztof"]
[Result "1-0"]
[WhiteElo "2167"]
[BlackElo "2037"]
[PlyCount "127"]
[EventDate "2008.07.09"]
[EventType "swiss"]
[EventRounds "9"]
[EventCountry "POL"]
[SourceTitle "CBM 125 Extra"]
[Source "ChessBase"]
[SourceDate "2008.09.01"]
[SourceVersion "1"]
[SourceVersionDate "2008.09.01"]
[SourceQuality "1"]

1. e4 e6 2. d4 d5 3. Nc3 Nf6 4. Bg5 Be7 5. e5 Nfd7 6. Bxe7 Qxe7 7. f4 a6 8. Qg4 f5 9. exf6 Qxf6 10. 0-0-0 0-0 11. g3 b5 12. a3 b4 13. axb4 Nc6 14. Nf3 Nxb4 15. Bh3 Nb6 16. Ne5 Rb8 17. Qg5 Re8 18. Rhe1 Qf8 19. Rf1 Nc4 20. Nxc4 dxc4 21. f5 exf5 22. Bxf5 Bxf5 23. Rxf5 Qd6 24. Re5 Qb6 25. Rxe8+ Rxe8 26. Nd5 Qd6 27. Nc3 Rf8 28. Qe3 Qg6 29. Qe2 Kh8 30. Re1 h6 31. Kb1 Rb8 32. Na2 Nxa2 33. Kxa2 Qb6 34. c3 a5 35. Qc2 a4 36. Re5 c6 37. g4 Kg8 38. h4 Qb7 39. Ra5 Qb3+ 40. Qxb3 axb3+ 41. Ka3 Re8 42. g5 Re4 43. gxh6 gxh6 44. h5 Re1 45. Rc5 Ra1+ 46. Kb4 Ra2 47. Kxc4 Rxb2 48. Rxc6 Kg7 49. Rg6+ Kh7 50. d5 Rd2 51. Rb6 b2 52. Kc5 Kg7 53. c4 Kf7 54. Kd6 Rf2 55. Rb7+ Ke8 56. c5 Rf6+ 57. Ke5 Rf2 58. d6 Re2+ 59. Kd5 Rg2 60. Rb8+ Kf7 61. Kc6 Rd2 62. Kc7 Ke6 63. Rb6 Kf7 64. d7 1-0

[Event "Police Gniota Memorial 23rd"]
[Site "Police"]
[Date "2008.07.13"]
[Round "6"]
[White "Buczak, Krysztof"]
[Black "Blom, Martijn"]
[Result "0-1"]
[WhiteElo "2167"]
[BlackElo "2016"]
[PlyCount "168"]
[EventDate "2008.07.09"]
[EventType "swiss"]
[EventRounds "9"]
[EventCountry "POL"]
[SourceTitle "CBM 125 Extra"]
[Source "ChessBase"]
[SourceDate "2008.09.01"]
[SourceVersion "1"]
[SourceVersionDate "2008.09.01"]
[SourceQuality "1"]

1. e4 e6 2. Nf3 d5 3. e5 c5 4. b4 b6 5. c3 Bd7 6. a3 Qc7 7. d4 a5 8. bxc5 bxc5 9. Bd3 Nc6 10. 0-0 f5 11. a4 cxd4 12. cxd4 Nb4 13. Na3 Qc3 14. Nb5 Qxd3 15. Nc7+ Kd8 16. Qxd3 Nxd3 17. Nxa8 h6 18. Ba3 Bb4 19. Rfd1 Bxa3 20. Rxa3 Nb4 21. Rb1 Bc6 22. Rc3 Bxa8 23. Nd2 Ne7 24. Nb3 Nec6 25. Nxa5 Nxa5 26. Rxb4 Kd7 27. f4 Nc4 28. Rg3 Rg8 29. Rg6 Ke7 30. Kf2 Kf7 31. Rg3 Bc6 32. Rc3 Ra8 33. Rc1 Rxa4 34. Rxa4 Bxa4 35. h4 Ke7 36. Ra1 Bd7 37. Ra8 Nb2 38. Kf3 Nd3 39. Ke3 Nb2 40. Kf3 Nd3 41. Ke3 Nb4 42. Rb8 Nc2+ 43. Kd3 Ne1+ 44. Ke3 Nxg2+ 45. Kf3 Nxh4+ 46. Kg3 Ng6 47. Ra8 Nf8 48. Ra1 Be8 49. Ra7+ Nd7 50. Kh4 Kf8 51. Ra8 Kf7 52. Ra7 Ke7 53. Ra8 Nb6 54. Rb8 Nc4 55. Rb7+ Bd7 56. Kh5 Ne3 57. Kg6 Ng2 58. Kxg7 h5 59. Kh6 Nxf4 60. Rb2 Nd3 61. Rd2 Ne1 62. Kxh5 Be8+ 63. Kh6 f4 64. Rd1 Ng2 65. Rf1 Bb5 66. Rf2 Ne3 67. Rxf4 Nf5+ 68. Kh5 Bd3 69. Rf2 Ng3+ 70. Kg4 Ne2 71. Kh5 Ng3+ 72. Kg4 Nf5 73. Rd2 Be4 74. Kg5 Ne3 75. Ra2 Bf5 76. Ra7+ Kd8 77. Kf6 Nc2 78. Ra4 Kd7 79. Kf7 Kc6 80. Ke7 Kb5 81. Ra2 Nxd4 82. Kd6 Nb3 83. Rf2 Nc5 84. Rd2 Ne4+ 0-1

[Event "Police Gniota Memorial 23rd"]
[Site "Police"]
[Date "2008.07.09"]
[Round "1"]
[White "Danielsen, Henrik"]
[Black "Buczak, Krysztof"]
[Result "1-0"]
[WhiteElo "2526"]
[BlackElo "2167"]
[PlyCount "67"]
[EventDate "2008.07.09"]
[EventType "swiss"]
[EventRounds "9"]
[EventCountry "POL"]
[SourceTitle "CBM 125 Extra"]
[Source "ChessBase"]
[SourceDate "2008.09.01"]
[SourceVersion "1"]
[SourceVersionDate "2008.09.01"]
[SourceQuality "1"]

1. g3 e5 2. c4 Nf6 3. Bg2 Nc6 4. Nc3 Bc5 5. a3 a5 6. e3 0-0 7. Nge2 Re8 8. d3 d6 9. 0-0 Bf5 10. h3 Bb6 11. Kh2 Be6 12. f4 g6 13. Nd5 Bxd5 14. cxd5 Ne7 15. fxe5 Nfxd5 16. Qb3 Nxe3 17. Qxf7+ Kh8 18. Qf6+ Kg8 19. Bxe3 Bxe3 20. Nf4 Bxf4 21. Rxf4 dxe5 22. Qe6+ Kh8 23. Qxe5+ Kg8 24. Bxb7 Rb8 25. Qe6+ Kh8 26. Qf6+ Kg8 27. Rd4 Qxd4 28. Qxd4 Rxb7 29. Re1 c6 30. Qc4+ Kg7 31. Re2 Rb5 32. Qd4+ Kg8 33. Qd7 Kf7 34. g4 1-0

[Event "Szczecin-ch"]
[Site "Szczecin"]
[Date "2007.05.26"]
[Round "3.1"]
[White "Ptaszek, Przemyslaw"]
[Black "Buczak, Krysztof"]
[Result "0-1"]
[WhiteElo "1922"]
[BlackElo "2162"]
[PlyCount "64"]
[EventDate "2007.05.26"]
[EventType "swiss"]
[EventRounds "9"]
[EventCountry "POL"]
[SourceTitle "EXT 2023"]
[Source "ChessBase"]
[SourceDate "2022.10.05"]
[SourceVersion "1"]
[SourceVersionDate "2022.10.05"]
[SourceQuality "1"]

1. d4 Nf6 2. c4 e6 3. Nf3 Bb4+ 4. Bd2 Qe7 5. a3 Bxd2+ 6. Qxd2 0-0 7. Nc3 d6 8. e4 e5 9. d5 a5 10. Be2 Nbd7 11. 0-0 Nc5 12. Qc2 a4 13. Nd2 Bd7 14. b4 axb3 15. Nxb3 Ba4 16. Nxa4 Nxa4 17. c5 Nxc5 18. Nxc5 dxc5 19. Rfc1 Ra5 20. f3 Ne8 21. a4 Nd6 22. Bc4 g6 23. Qd2 Rfa8 24. Bb3 Nb5 25. Rab1 Nd4 26. Bd1 R8a7 27. f4 b6 28. Rc3 exf4 29. Qxf4 Rxa4 30. Qg3 Ra1 31. Qd3 Rxb1 32. Qxb1 f5 0-1

[Event "Lasker Memorial op"]
[Site "Barlinek"]
[Date "2002.07.22"]
[Round "4"]
[White "Buczak, Krysztof"]
[Black "Akvist, Hakan"]
[Result "1-0"]
[WhiteElo "2246"]
[BlackElo "2281"]
[PlyCount "59"]
[EventDate "2002.07.19"]
[EventType "swiss"]
[EventRounds "9"]
[EventCountry "POL"]
[SourceTitle "CBM 089 Extra"]
[Source "ChessBase"]
[SourceDate "2002.09.10"]
[SourceVersion "2"]
[SourceVersionDate "2002.09.10"]
[SourceQuality "1"]

1. e4 e6 2. Qe2 e5 3. f4 d6 4. Nf3 Nc6 5. c3 Bg4 6. h3 Bxf3 7. Qxf3 Be7 8. f5 Nf6 9. Bb5 a6 10. Bxc6+ bxc6 11. 0-0 d5 12. d3 Qb8 13. Qe2 dxe4 14. dxe4 Qb5 15. c4 Qb6+ 16. Kh2 h5 17. Nc3 h4 18. Rd1 Nh5 19. Na4 Qb7 20. b3 Ng3 21. Qg4 Kf8 22. Bb2 f6 23. Rd7 Rh5 24. Ba3 Rg5 25. Rxe7 c5 26. Nxc5 Qc6 27. Ne6+ Kg8 28. Rxg7+ Kh8 29. Qxh4+ Rh5 30. Qxf6 1-0